000 00300nam a22001337a 4500
008 170818b xxu||||| |||| 00| 0 eng d
020 _a9780495763154
041 _aeng
080 _a51
100 _a37
101 _aMAT
245 _aCALCULUS EARLY TRANSCENDENTAL
_cSTEWART.J
942 _2udc
_cBK
999 _c24042
_d24042